Guess the IPL Cricketer from the Teams they played #1 - Statistics

General Stats
  • This quiz has been taken 164 times
  • The average score is 4 of 10
Answer Stats
Years played Teams Player % Correct
2008–20152016–2017 2018–present Chennai Super KingsRising Pune Supergiant Chennai Super Kings MS Dhoni
69%
2012–present Kolkata Knight Riders Sunil Narine
52%
2016–20212022–present Mumbai IndiansLucknow Super Giants Krunal Pandya
50%
2019–present Punjab Kings Arshdeep Singh
46%
2008–20102011 2012–2013 2014 2015 2016–2017 2018–2021 2022-present Delhi DaredevilsKings XI Punjab Mumbai Indians Delhi Daredevils Royal Challengers Bangalore Gujarat Lions Kolkata Knight Riders Royal Challengers Bangalore Dinesh Karthik
45%
2016-2017 2018–present Gujarat LionsMumbai Indians Ishan Kishan
45%
2012 2014–20212022-present Mumbai Indians Kolkata Knight RidersDelhi Capitals Kuldeep Yadav
25%
20112022-present Delhi DaredevilsGujarat Titans Matthew Wade
10%
20192020–2021 2022-present Royal Challengers BangaloreDelhi Capitals
Rajasthan Royals
Shimron Hetmyer
10%
2018–20192020–2021 2022 2023–present Mumbai IndiansRajasthan Royals
Mumbai Indians
Sunrisers Hyderabad
Mayank Markande
7%
No matching quizzes found
Score Distribution
Percent of People with Each Score
Percentile by Number Answered
Your Score History
You have not taken this quiz